00772nam a22002177a 4500008004100000010001400041020002600055035002200081037001500103040001800118082001500136100001900151245015200170250001100322260004500333270005300378300003000431610004300461650003500504700001500539081128t xxu||||| |||| 00| 0 eng d aENG-91893 a9788125927921c300.00 aEN-75426,B-224943 bDBAD / PUB adplbEnglish  a342.540662 aPrakash Kumar  aRight to know:cby Prakash Kumar [and] K.B. Rai ba hands-on guide to the RTI Act with rules of the State Governments and more information on CIC / a2nd ed aNew Delhi bVikas Publishing Housec2008 a576, Masjid Road, Jangpura, bNew Delhi e110014 axxvii, 430p. c23cm (pbk) aIndiatRight to Information Act, 2005. aFreedom of informationzIndia. aRai, K.B.